00553nam a22001697a 450000500170000001000150001702000260003203500140005803700130007208200100008510000170009524500420011224600590015426000780021327000690029130000230036020230721160502.0 aENG-137524 c250.00a9789390569892 aEN-121056 bDBAD/PUB a230.4 aWilson, Viju aFaith Seeking Praxis/cby Viju Wilson aEssays on Subaltern Agency, Church and Praxis of Faith aDelhibThe Indian Society for Promoting Christian Knowledge (ISPCK)c2022 aPost Box 1585, 1654, Madarsa Road, Kashmere Gate bDelhie110006 a211;p. c22cm(pbk)